LEADER 03686oam 2200757I 450 001 9910455045903321 005 20200520144314.0 010 $a1-299-28509-0 010 $a1-134-00875-9 010 $a1-282-07737-6 010 $a9786612077371 010 $a1-84392-576-1 024 7 $a10.4324/9781843925767 035 $a(CKB)1000000000767094 035 $a(EBL)449683 035 $a(OCoLC)609842651 035 $a(SSID)ssj0000357579 035 $a(PQKBManifestationID)11278560 035 $a(PQKBTitleCode)TC0000357579 035 $a(PQKBWorkID)10358993 035 $a(PQKB)10325854 035 $a(MiAaPQ)EBC449683 035 $a(MiAaPQ)EBC5268546 035 $a(Au-PeEL)EBL449683 035 $a(CaPaEBR)ebr10305955 035 $a(CaONFJC)MIL459759 035 $a(OCoLC)830323973 035 $a(Au-PeEL)EBL5268546 035 $a(CaONFJC)MIL207737 035 $a(OCoLC)1024248825 035 $a(EXLCZ)991000000000767094 100 $a20180706d2006 uy 0 101 0 $aeng 135 $aur|n|---||||| 181 $ctxt 182 $cc 183 $acr 200 00$aCaptured by the media $eprison discourse in popular culture /$fedited by Paul Mason 210 1$aCullompton, Devon, U.K. ;$aPortland, Or. :$cWillan Pub.,$d2006. 215 $a1 online resource (251 p.) 300 $aDescription based upon print version of record. 311 $a1-84392-144-8 311 $a1-84392-145-6 320 $aIncludes bibliographical references and index. 327 $aCover; Captured by the Media; Title Page; Copyright Page; Table of Contents; Acknowledgements; Notes on contributors; 1 Turn on, tune in, slop out; 2 The function of fiction for a punitive public; 3 Red tops, populists and the irresistible rise of the public voice(s); 4 Crime sound bites: a view from both sides of the microphone; 5 What works in changing public attitudes to prison: lessons from Rethinking Crime and Punishment; 6 Delivering death: capital punishment, botched executions and the American news media; 7 'Buried alive': representations of the separate system in Victorian England 327 $a8 Undermining the simplicities: the films of Rex Bloomstein9 Creating a stir? Prisons, popular media and the power to reform; 10 The violence of images: inside the prison TV drama Oz; 11 The anti-heroines of Holloway: the prison films of Joan Henry and J. Lee Thompson; 12 Relocating Hollywood's prison film discourse; 13 Future punishment in American science fiction films; Index 330 $aThis book turns on the television, opens the newspaper, goes to the cinema and assesses how punishment is performed in media culture, investigating the regimes of penal representation and how they may contribute to a populist and punitive criminological imagination. It places media discourse in prisons firmly within the arena of penal policy and public opinion, suggesting that while Bad Girls, The Shawshank Redemption, internet jail cams, advertising and debates about televising executions continue to ebb and flow in contemporary culture, the persistence of this spectacle of punishment - its c 606 $aCorrections 606 $aMass media and criminal justice 606 $aPrisons 606 $aPunishment 608 $aElectronic books. 615 0$aCorrections. 615 0$aMass media and criminal justice. 615 0$aPrisons. 615 0$aPunishment. 676 $a302.23 676 $a364.6 701 $aMason$b Paul$0741485 801 0$bMiAaPQ 801 1$bMiAaPQ 801 2$bMiAaPQ 906 $aBOOK 912 $a9910455045903321 996 $aCaptured by the media$92444404 997 $aUNINA LEADER 01232nam a2200289 i 4500 001 991001822519707536 005 20020502205128.0 008 010418s1989 ||| ||| | ita 020 $a8885042147 035 $ab10916039-39ule_inst 035 $aLE02377806$9ExL 040 $aDip.to Studi Storici$bita 082 04$a025.1714 110 2 $aArchivio segreto vaticano$0174549 245 00$aSussidi per la consultazione dell'Archivio vaticano :$blo schedario Garampi, i registri vaticani, i registri lateranensi, le Rationes Camerae, l'archivio concistoriale 250 $aNuova ediz. rived. e ampliata /$ba cura di Germana Gualdo 260 $aCittą del Vaticano :$bArchivio Vaticano,$c1989 300 $aXXVII p., 447 p., [7] c. di tav. ;$c25 cm. 490 0 $aCollectanea archivi vaticani ;$v17 500 $aSeguono appendici 650 4$aArchivi vaticani$xRegistri$xGuida 907 $a.b10916039$b23-02-17$c28-06-02 912 $a991001822519707536 945 $aLE023 025.17 GUA 1 2$g1$i2023000050026$lle023$o-$pE0.00$q-$rl$s- $t0$u0$v0$w0$x0$y.i1102057x$z28-06-02 996 $aSussidi per la consultazione dell'Archivio vaticano$9268102 997 $aUNISALENTO 998 $ale023$b01-01-01$cm$da $e-$feng$gxx $h0$i1 LEADER 02163nas 2200481 n 450 001 990008935840403321 005 20240229084533.0 011 $a0392-1352 035 $a000893584 035 $aFED01000893584 035 $a(Aleph)000893584FED01 035 $a000893584 091 $2CNR$aP 00073682 100 $a20090724a19709999km-y0itaa50------ba 101 0 $aita 102 $aIT 110 $aauu-------- 200 1 $aCampania sacra 207 1$a1970- 210 $aNapoli$c[s.n.] 530 0 $aCampania sacra 675 $a2 675 $a9 675 $a930.25 675 $a(450.72) 676 $a274 712 02$aPontificia facoltą teologica dell'Italia meridionale.$bSezione di Capodimonte 801 0$aIT$bACNP$c20090723 859 4 $uhttp://acnp.cib.unibo.it/cgi-ser/start/it/cnr/dc-p1.tcl?catno=47818&person=false&language=ITALIANO&libr=&libr_th=unina1$zBiblioteche che possiedono il periodico 901 $aSE 912 $a990008935840403321 958 $aBRAU. Biblioteca di Ricerca di Area Umanistica$b1970-$c1994;1996;$eItalia 295$fFLFBC 958 $aBiblioteca Centralizzata. Facoltą di Architettura dell'Universitą Federico II$b1971-1978;1994;$e2 - XXI$fFARBC 958 $aBiblioteca. Dipartimento di Storia dell'Architettura e Restauro$b1972-2002;$c1987;$ePER 13$fDARST 959 $aFLFBC 959 $aFARBC 959 $aDARST 996 $aCampania Sacra$9587896 997 $aUNINA AP1 8 $6866-01$aNA072 BRAU. Biblioteca di Ricerca di Area Umanistica$bItalia 295$ePiazza Bellini 56/60, 80133 Napoli (NA)$m(081) 2533948$nit AP1 8 $6866-02$aNA088 Biblioteca Centralizzata. Facoltą di Architettura dell'Universitą Federico II$b2 - XXI$eVia Monteoliveto,3. Palazzo Gravina, 80134 Napoli (NA)$m0812538081$m0812538023$nit AP1 8 $6866-03$aNA089 Biblioteca. Dipartimento di Storia dell'Architettura e Restauro$bPER 13$eVia Monteoliveto, 3, 80134 Napoli (NA)$m0812538077$m0812538010$nit AP2 40$aacnp.cib.unibo.it$nACNP Italian Union Catalogue of Serials$uhttp://acnp.cib.unibo.it/cgi-ser/start/it/cnr/df-p.tcl?catno=47818&language=ITALIANO&libr=&person=&B=1&libr_th=unina&proposto=NO